[Event "ESP-ch Seniors 2017"]
[Site "Altea"]
[Date "2017.10.14"]
[Round "8"]
[White "Gonzalvez Perales, Jose Luis"]
[Black "Brusi Noguera, Ricardo Ll"]
[Result "1-0"]
[WhiteElo "1988"]
[BlackElo "2156"]
[Annotator "TA"]
[PlyCount "129"]
[EventDate "2017.??.??"]
[EventType "swiss"]
[EventCountry "ESP"]
[SourceTitle "playchess.com"]
[Source "ChessBase"]
[SourceQuality "1"]

{[%evp 23,128,20,18,0,0,0,0,-8,-5,-23,-16,-16,-23,-31,-27,-106,-97,-93,-53,-65,-56,-58,-58,-56,-41,-74,-74,-98,-56,-56,-56,-63,-68,-61,-25,-35,31,30,47,0,214,5,77,79,78,0,0,0,55,27,110,94,455,312,210,20,79,0,0,4,20,14,111,99,126,0,0,-57,-60,-52,0,0,0,0,0,8,12814,12814,12747,12796,6604,5517,5419,5106,5089,1260,5069,1170,720,535,475,456,305,20,517,464,662,632,29985,29986,29986,29987,29987,29988,29998,29999,29999]} 1. e4 {[%cal Be2e4,Be4e5][%mdl 32]} Nf6 2. e5 Nd5 3. c4 Nb6 4. d4 d6 5. exd6 cxd6 6. Be3 g6 7. Nc3 Bg7 8. Rc1 O-O 9. b3 Bf5 10. Nf3 {B03: Alekhine's Defence: Four Pawns Attack} (10. d5 e5 11. dxe6 Bxe6 12. Nge2 d5 13. c5 Nc6 14. Nd4 Bxd4 15. Bxd4 Re8 16. cxb6 Qh4 17. Ne2 axb6 {1-0 (38) Xiong,J (2618)-Kamsky,G (2678) Saint Louis 2016}) 10... Bg4 11. Be2 d5 12. c5 Nc8 $1 {[%cal Bb6c8,Bc8e7,Be7f5,Bf5e3][%mdl 32] LiveBook: 4 Games} 13. h3 Bxf3 $1 14. Bxf3 e6 15. O-O Nc6 16. Qd2 N8e7 17. Ne2 Nf5 $146 18. g4 Nxe3 19. Qxe3 (19. fxe3 $11 {keeps the balance.} Bh6 20. b4) 19... Qh4 $17 20. Bg2 Rae8 21. f4 f5 22. g5 h6 23. gxh6 Bxh6 24. Rcd1 Kf7 25. Qf2 Qf6 26. Kh2 Rh8 27. b4 a6 28. Rb1 g5 29. b5 Na5 ({Black should try} 29... axb5 $15 30. Rxb5 Rb8) 30. bxa6 bxa6 31. Rb6 Qd8 $2 (31... Nc4 $11 {and Black stays safe.}) 32. Rxa6 $2 (32. fxg5 $18 Qxg5 33. Ng3 (33. Rxa6 Nc4 $14)) 32... g4 (32... Nc4 $1 $11) 33. Rb1 $36 {[%mdl 2048] And now hxg4 would win. White is in control.} Re7 34. a4 (34. hxg4 $16 fxg4 35. Kg1) 34... Nc4 $11 35. Nc3 gxh3 ({Black should play} 35... Qc7 $11 36. Rf1 Qc8 37. Rxe6 Rxe6 38. Bxd5 Bg7) 36. Bh1 $1 $14 (36. Bxh3 Qc7 $17) 36... Bg7 (36... Qc8 $11 37. Rxe6 Rxe6 38. Bxd5 Rg8) 37. Re1 Na5 $2 {[%mdl 8192]} ({Don't blunder} 37... Qc8 $2 38. Raxe6 $1 {[%mdl 512]} Rxe6 39. Bxd5 $18) (37... Rhe8 $16) 38. Rb6 ({Less strong is} 38. Nxd5 exd5 39. Rxe7+ Kxe7 $16) 38... Rh6 {[#]} 39. Nb5 $2 (39. Nxd5 $1 $18 {[%mdl 512]} Rb7 (39... exd5 40. Rxe7+) 40. Rxb7+ Nxb7 41. Ne3) 39... Nc4 $11 {[#]} 40. Nd6+ (40. a5 $1 $16) 40... Nxd6 41. Rxd6 Rd7 (41... Qa5 $5 {[%cal Rg7d4]} 42. Rexe6 Rexe6 43. Bxd5 Ke7 44. Bxe6 Rxe6 45. Qh4+ Rf6 $11) 42. Rb6 {With the idea Qe3.} Qa8 (42... Qh4 $1 $11 43. Qxh4 Rxh4) 43. Qe3 $16 {[%cal Rb6e6]} Re7 ({Avoid the trap} 43... Qxa4 $2 44. Rxe6 Qa2+ 45. Re2 $18) 44. a5 (44. Rd6 $16) 44... Qxa5 $11 {Strongly threatening ...Bxd4!} 45. Bxd5 (45. Re2 $11 Qa1 46. Rb4) 45... Bxd4 $1 $15 46. Qe2 {[%cal Rb6e6]} Qxc5 (46... Kg7 $15 47. Qd1 Qc3 48. Rexe6 Rhxe6 49. Rxe6 Rxe6 50. Bxe6 Kf6) 47. Rxe6 $11 Rhxe6 48. Bxe6+ Kf6 49. Qh5 {[%cal Rh5h6]} Rxe6 $4 {[%mdl 8192]} (49... Qc2+ $11 50. Re2 Qxe2+ 51. Qxe2 Rxe6) 50. Qh6+ $18 Ke7 51. Qxe6+ {[%mdl 4096] Endgame KQR-KQB} Kd8 52. Qe8+ Kc7 53. Re7+ Kb6 54. Qb8+ (54. Qd8+ $142 Ka6 55. Rc7 Bg1+ 56. Kh1) 54... Ka5 55. Qa8+ (55. Qd8+ $142 Ka4 56. Rc7) 55... Kb4 56. Rb7+ Kc3 {intending ...Bg1+.} 57. Qa1+ Kd3 58. Rb3+ $2 ({White must play} 58. Qb1+ $18 Ke3 59. Kg3) 58... Bc3 $2 {[%mdl 8192]} (58... Ke4 $11 {and Black is okay.} 59. Qe1+ Kxf4 60. Kxh3 Qd5 61. Qg3+ Ke4 62. Qe1+ Kf4 63. Qg3+ Ke4) 59. Qf1+ Kd2 (59... Kc2 $142) 60. Rb1 {Threatening mate with Qd1+.} Qa5 61. Rd1+ {White mates.} Kc2 62. Qd3+ Kb2 63. Rb1+ Ka2 64. Qc2+ Ka3 65. Qb3# {Precision: White = 36%, Black = 40%.} 1-0

[Event "ESP-ch Seniors 2017"]
[Site "Altea"]
[Date "2017.10.14"]
[Round "8"]
[White "Zotes Flecha, Luis"]
[Black "Fernandez Perez, Josep"]
[Result "0-1"]
[WhiteElo "1814"]
[BlackElo "2045"]
[Annotator "NA"]
[PlyCount "90"]
[EventDate "2017.??.??"]
[EventType "swiss"]
[EventCountry "ESP"]
[SourceTitle "playchess.com"]
[Source "ChessBase"]
[SourceQuality "1"]
[TimeControl "5400+30"]

1. c4 {[%emt 0:00:00]} e5 {[%emt 0:00:13]} 2. e4 {[%emt 0:00:00]} d6 {[%emt 0:00:22]} 3. Nc3 {[%emt 0:00:00]} Nc6 {[%emt 0:01:02]} 4. d3 {[%emt 0:00:14]} g6 {[%emt 0:01:18]} 5. f4 {[%emt 0:00:32]} Bg7 {[%emt 0:00:13]} 6. Nf3 {[%emt 0:00:15]} Nge7 {[%emt 0:00:49]} 7. Be2 {[%emt 0:00:16] A10: English Opening: Unusual Replies for Black} O-O {[%emt 0:00:13]} 8. O-O {[%emt 0:00:13]} h6 $146 {[%emt 0:05:00]} ({Predecessor:} 8... f5 9. fxe5 dxe5 10. Nd5 f4 11. b3 Qd6 12. a4 a5 13. Kh1 Nb4 14. Bb2 Nexd5 15. cxd5 {0-1 (65) Delithanasis,D (2215)-Grivas,E (2505) Ano Liosia 1993}) 9. h3 {[%emt 0:00:46]} f5 {[%emt 0:00:19]} 10. fxe5 {[%emt 0:02:59]} dxe5 {[%emt 0:02:11]} 11. Nd5 {[%emt 0:03:33]} Nxd5 {[%emt 0:05:30]} 12. cxd5 {[%emt 0:00:21]} Ne7 {[%emt 0:02:20]} 13. Qb3 {[%emt 0:00:48]} Kh7 {[%emt 0:00:17]} 14. Bd2 {[%emt 0:00:42]} c6 {[%emt 0:00:36]} 15. dxc6 {[%emt 0:10:29]} Nxc6 {[%emt 0:01:48]} 16. Bc3 {[%emt 0:01:34]} Qe7 {[%emt 0:02:24]} 17. a3 {[%emt 0:03:03]} Be6 {[%emt 0:02:32]} 18. Qd1 {[%emt 0:01:04]} f4 {[%emt 0:03:05]} 19. Qe1 {[%emt 0:00:42]} g5 {[%emt 0:09:46]} 20. Nh2 {[%emt 0:01:30]} Rfd8 {[%emt 0:05:51]} 21. Rc1 {[%emt 0:04:20]} Rac8 {[%emt 0:04:27]} 22. Qf2 {[%emt 0:07:41]} Qd7 {[%emt 0:06:09]} 23. Rfd1 {[%emt 0:02:23]} Nd4 {[%emt 0:02:06]} 24. Bxd4 {[%emt 0:00:39]} Rxc1 {[%emt 0:05:58]} 25. Rxc1 {[%emt 0:00:27]} Qxd4 {[%emt 0:00:09]} 26. Qxd4 {[%emt 0:00:29]} Rxd4 {[%emt 0:00:14]} 27. Rc7 {[%emt 0:00:32]} Rd7 {[%emt 0:00:11]} 28. Rxd7 {[%emt 0:00:54]} Bxd7 {[%emt 0:00:43]} 29. Kf2 {[%emt 0:02:40]} Bf8 {[%emt 0:02:06]} 30. Bd1 {[%emt 0:02:05]} Bc5+ {[%emt 0:00:52]} 31. Ke2 {[%emt 0:00:11]} Bd4 {[%emt 0:00:41]} 32. b3 {[%emt 0:00:26] [#]} Kg6 {[%emt 0:03:00]} ({Black should try} 32... Bc3 $1 33. b4 Kg6) 33. Kd2 {[%emt 0:00:45]} h5 {[%emt 0:00:29]} 34. Nf3 {[%emt 0:00:40]} Ba1 {[%emt 0:01:56]} 35. Kc2 $2 {[%emt 0:02:25]} (35. Nh2 $17) 35... g4 {[%emt 0:01:16]} 36. hxg4 {[%emt 0:00:41]} hxg4 {[%emt 0:00:44]} 37. Ng1 {[%emt 0:02:31]} Kg5 {[%emt 0:03:07]} 38. Kd2 {[%emt 0:01:52]} Kh4 {[%emt 0:01:39]} 39. Ke2 {[%emt 0:00:38]} Bd4 {[%emt 0:01:51]} 40. Kf1 {[%emt 0:00:28]} Bxg1 {[%emt 0:00:55]} 41. Kxg1 {[%emt 0:00:06]} Kg3 {[%emt 0:00:15]} 42. Kf1 $19 {[%emt 0:01:40]} Bb5 {[%emt 0:02:40]} 43. Bc2 {[%emt 0:00:22]} f3 {[%emt 0:00:37]} 44. gxf3 {[%emt 0:00:31]} gxf3 {[%emt 0:00:35]} 45. a4 {[%emt 0:00:04]} Bd7 {[%emt 0:00:27]} 0-1

[Event "ESP-ch Seniors 2017"]
[Site "Altea"]
[Date "2017.10.15"]
[Round "9"]
[White "Campos Gambuti, Luis Maria"]
[Black "Gonzalvez Perales, Jose Luis"]
[Result "1-0"]
[WhiteElo "2413"]
[BlackElo "1988"]
[Annotator "TA"]
[PlyCount "127"]
[EventDate "2017.??.??"]
[EventType "swiss"]
[EventCountry "ESP"]
[SourceTitle "playchess.com"]
[Source "ChessBase"]
[SourceQuality "1"]

{[%evp 10,127,54,45,55,52,60,33,42,31,51,42,40,12,57,24,18,14,44,38,50,42,60,47,54,33,83,35,23,5,4,10,6,0,6,6,6,6,6,6,30,20,10,20,42,43,50,53,73,64,142,89,107,89,154,81,81,87,76,73,100,22,101,49,41,11,37,33,46,54,52,0,6,0,0,0,0,0,0,0,0,0,0,0,0,0,0,0,0,0,0,0,0,0,242,223,522,508,478,465,1216,1067,12836,12836,12837,12832,12837,12838,12839,12839,12840,12839,12841,12841,12841,12842,12842,12843,12843,12843]} 1. e4 d5 2. exd5 Qxd5 3. Nc3 Qd6 4. d4 Nf6 5. Nf3 c6 6. Ne5 Nbd7 {B01: Scandinavian Defence} 7. f4 (7. Nc4 Qc7 8. a4 Nd5 9. Bd3 g6 10. Qf3 N7f6 11. Nxd5 Nxd5 12. O-O Bg7 13. c3 O-O 14. Qg3 Qxg3 15. hxg3 {½-½ (28) Caruana,F (2808)-Carlsen,M (2857) Baku 2016}) 7... Qc7 8. Bc4 e6 $1 {White is slightly better.} 9. Qe2 {[#] Nxf7! is the strong threat.} Nb6 10. Bb3 Nbd5 $146 ({Predecessor:} 10... Be7 11. f5 Nbd5 12. Nxd5 exd5 13. O-O h5 14. c4 {1-0 (35) Erwich,F (2322)-Kerkvliet,M (2091) Leiden 2014}) 11. Bd2 Bb4 12. a3 (12. O-O {seems wilder.} Nxc3 13. bxc3 Bd6 14. a4 O-O 15. a5) 12... Nxc3 13. bxc3 Ba5 (13... Bd6 {with more complications.} 14. a4 b6 15. c4 c5 16. c3 O-O) 14. Nc4 O-O 15. O-O Qd8 16. Nxa5 Qxa5 17. a4 Bd7 18. Qe5 Qxe5 19. fxe5 Ne4 20. Be1 c5 21. d5 exd5 22. Bxd5 Bc6 23. Bxc6 bxc6 24. Rf4 Ng5 25. Rc4 Ne6 26. Bf2 Rab8 27. Bxc5 Nxc5 28. Rxc5 $14 {[%mdl 4096] Endgame KRR-KRR} Rfe8 29. Rd1 Rb7 (29... Rb2 $14) 30. Rd6 (30. Rxc6 $142 g6 31. Rc5) 30... Rbe7 31. Rdxc6 f6 ({Black should play} 31... g6) 32. Rc8 (32. exf6 $142 Re1+ 33. Kf2) 32... Rxe5 $16 33. Rxe8+ Rxe8 {KR-KR} 34. Rc7 a6 35. Rc6 (35. Kf2 $16) 35... Re4 (35... Re1+ $11 36. Kf2 Rc1) 36. c4 ({Better is} 36. a5 $16) 36... a5 37. Rc7 h6 38. Kf2 Kh7 39. Kf3 f5 40. Rc6 g5 41. Rf6 (41. Rc7+ {feels hotter.} Kg6 42. Rc8 Kf7 43. Kf2 Kf6 44. Rc6+) 41... Rxc4 42. Rxf5 Rxa4 43. Rc5 Kg6 44. Rc6+ Kg7 45. Ke3 Rg4 46. g3 h5 47. Rc5 a4 48. c3 Kg6 49. Kf3 {Strongly threatening h3.} a3 $1 50. Ra5 Rc4 51. Rxa3 g4+ $2 (51... h4 $11) 52. Ke3 $18 h4 $2 (52... Rc8 53. Ra6+ Kf7) 53. Ra6+ {White is clearly winning.} Kg5 54. Ra5+ Kg6 (54... Kf6 $142 55. Kd3 (55. gxh4 Rxc3+ 56. Ke4 Kg7 $14) 55... hxg3 56. hxg3 (56. Kxc4 $2 {loses.} gxh2 57. Rh5 g3 $19) 56... Rc8) 55. Kd3 hxg3 56. hxg3 Rc6 57. Re5 Rf6 58. c4 {[%cal Bc3c4,Bc4c5,Bc5c6][%mdl 32]} Rf3+ {[#]} 59. Re3 $1 {[%cal Re3f3]} Rf1 60. Kd4 Rd1+ 61. Rd3 Rc1 62. c5 Kf5 63. Kd5 Re1 64. c6 {Precision: White = 53%, Black = 40%.} 1-0

[Event "ESP-ch Seniors 2017"]
[Site "Altea"]
[Date "2017.10.15"]
[Round "9"]
[White "Garcia Fernandez, Carlos"]
[Black "Gonzalez Custodio, Rafael"]
[Result "1-0"]
[WhiteElo "2264"]
[BlackElo "2105"]
[Annotator "TA"]
[PlyCount "135"]
[EventDate "2017.??.??"]
[EventType "swiss"]
[EventCountry "ESP"]
[SourceTitle "playchess.com"]
[Source "ChessBase"]
[SourceQuality "1"]

{[%evp 24,135,125,116,116,116,122,103,91,98,97,93,85,95,93,104,168,134,314,179,268,269,270,266,264,272,264,252,517,0,0,0,20,26,12,12,293,286,341,365,434,12,12,12,11,11,11,11,11,12,90,87,98,100,256,256,256,256,252,256,256,256,196,193,8,0,0,0,8,8,8,8,8,8,8,8,8,8,8,8,8,8,29960,29961,29962,29963,29961,29958,29965,29966,29966,29967,29967,29969,29969,29969,29970,29971,29971,29972,29972,29973,29973,29974,29974,29975,29973,29975,29976,29977,29979,29978,29980,29981]} 1. e4 e6 2. d4 d5 3. e5 c5 4. c3 Nc6 5. Nf3 Qb6 6. a3 c4 7. Nbd2 Na5 8. g3 Bd7 9. Bh3 O-O-O 10. O-O {C02: Französische Verteidigung (Vorstoßvariante)} f5 11. exf6 gxf6 12. Re1 Nh6 13. Rb1 {LiveBook: 3 Partien} e5 (13... Nf5 14. b4 cxb3 15. Nxb3 Bd6 16. Bd2 Nxb3 17. Rxb3 Qc7 {1-0 (38) Sjugirov,S (2629)-Firat,B (2373) Chennai 2011}) 14. Bxd7+ Rxd7 15. dxe5 {e6 ist eine echte Drohung.} Ng4 $146 ({Vorgänger:} 15... Bc5 16. e6 Bxf2+ 17. Kg2 {1-0 (25) Morawietz,D (2430)-Stolte,A (2209) Bad Wiessee 2016}) 16. Nd4 $1 Nxe5 17. N2f3 Bc5 18. Nxe5 fxe5 19. Rxe5 Nc6 (19... Bxd4 $16 20. cxd4 Qg6) 20. Re6 h5 $2 (20... Bxd4 $16 21. cxd4 Kb8) 21. h4 (21. Be3 $142) 21... Rf7 (21... Bxd4 {war einen Versuch wert.} 22. cxd4 Re7) 22. Be3 $18 Qc7 23. Rxc6 bxc6 24. Ne6 $1 {[%csl LRc5,LRc7]} Bxe3 25. Nxc7 Rxf2 $2 (25... Bxf2+ 26. Kh1 Kxc7) 26. Kh1 $2 (26. Nxd5 $1 $18 cxd5 27. Kh1) 26... Kxc7 $11 27. Qe1 Rf3 28. b3 $1 {[%cal Rb3c4] Schwarz muss nun bxc4 beachten.} Rg8 $1 29. Kg2 $1 {[%cal Rg2f3]} Rgf8 $2 {[%mdl 8192]} (29... Rgxg3+ $11 30. Qxg3+ Rxg3+ 31. Kxg3 cxb3) 30. bxc4 $18 dxc4 31. Rb2 R8f7 32. Qe2 $2 (32. a4 $18) 32... Rf2+ $11 33. Qxf2 $1 Bxf2 34. Rxf2 {[%mdl 4096] Endspiel KT-KT} Rd7 $1 35. Rf4 Rd2+ 36. Kh3 Ra2 (36... c5 $11 {hält das Gleichgewicht.}) 37. Rxc4 $16 Rxa3 38. Rc5 Kd6 $2 (38... a5 $16 {ist eine bessere Verteidigung.}) 39. Rxh5 $18 Rxc3 40. Ra5 c5 41. h5 $1 {[%cal Bh4h5,Bh5h6][%mdl 32]} (41. Rxa7 c4 $16) 41... Rc1 42. h6 ({Schwächer ist} 42. Rxa7 c4 $16) 42... c4 43. Kg4 ({Und nicht} 43. Rxa7 c3 $11) 43... Rh1 44. Rxa7 c3 {zielt auf ...c2 ab.} 45. Ra2 c2 46. Rxc2 Rxh6 47. Re2 {Droht Kf5.} (47. Kg5 {looks sharper.} Rh8 48. Kf6 Rf8+ 49. Kg7 Rf5 50. Kh6) 47... Rg6+ 48. Kh4 {Und g4 würde nun gewinnen.} (48. Kf3 {seems wilder.} Rg8 49. Re4 Rf8+ 50. Rf4 Rh8 51. Rb4) 48... Rg8 49. g4 Rh8+ $1 50. Kg3 $1 {Und weiter mit g5 wäre nett.} Rg8 51. Re1 Kd5 52. Re3 Kd4 $2 {[%mdl 8192]} (52... Kd6 $11) 53. Re7 {Weiß setzt Matt.} Kd5 54. Kf4 $1 Kd6 55. Re4 Kd5 56. Re5+ Kd6 57. g5 Rf8+ 58. Rf5 $1 Rg8 59. Rf6+ Ke7 {[#]} 60. Kf5 $1 Ra8 {[#]} 61. Kg6 $1 Ra5 62. Rf1 Re5 63. Kh6 Re2 64. g6 {[%cal Bg5g6,Bg6g7][%mdl 32]} Rh2+ 65. Kg7 Re2 66. Kg8 Re3 67. g7 Re2 68. Rh1 {Precision: Weiß = 72%, Schwarz = 38%.} 1-0

[Event "ESP-ch Seniors 2017"]
[Site "Altea"]
[Date "2017.10.15"]
[Round "9"]
[White "Roche Simon, Manuel Angel"]
[Black "Lloret Climent, Miguel"]
[Result "1-0"]
[WhiteElo "2216"]
[BlackElo "1950"]
[Annotator "TA"]
[PlyCount "57"]
[EventDate "2017.??.??"]
[EventType "swiss"]
[EventCountry "ESP"]
[SourceTitle "playchess.com"]
[Source "ChessBase"]
[SourceQuality "1"]

{[%evp 17,57,-4,11,0,0,0,0,0,0,-14,-7,-1,0,-66,-65,-57,-54,-64,16,21,37,34,68,37,36,49,41,13,84,75,347,240,289,292,240,271,3265,3294,29996,29997,29997,29998]} 1. e4 c5 2. Nf3 e6 3. d4 cxd4 4. Nxd4 a6 5. Nc3 Qc7 6. Bd3 Nf6 7. Qe2 Bd6 {B43: Sicilian: Kan Variation: 5 Nc3} (7... d6 8. O-O Be7 9. Bd2 O-O 10. Nb3 {½-½ (10) Jovanovic,Z (2534)-Markus,R (2650) Mali Losinj 2017}) 8. Nf3 Nc6 9. O-O O-O {LiveBook: 4 Games. The position is equal.} 10. a4 b6 11. Bg5 $146 ({Predecessor:} 11. h3 Bb7 12. Be3 Ne5 13. Nd2 Bc5 14. f4 Nxd3 15. cxd3 {½-½ (55) Evans,G (2294)-Kazantsev,R (2307) ICCF email 2008}) 11... Ng4 12. h3 Nge5 13. Rad1 Bb7 14. Nxe5 Nxe5 15. f4 ({White should play} 15. Be3 $11) 15... Nxd3 $15 16. Qxd3 Bc5+ 17. Kh1 d6 (17... f6 $15 18. Bh4 Rad8) 18. f5 $11 {[%cal Bf4f5,Bf5f6][%mdl 32]} Bb4 19. f6 g6 20. Qg3 Bxc3 21. bxc3 Rfc8 (21... Bxe4 $2 22. Qh4 $18) 22. Be3 Qc4 ({Not} 22... Bxe4 $2 23. Qf4 $18) (22... e5 $1 $11 {keeps the balance.}) 23. Qg5 $36 {[%mdl 2048] [#] White wants to mate with Qh6. Black is under strong pressure.} Qxe4 $2 {[%mdl 8192]} (23... Kh8 $16) 24. Rf3 {Intending Qh6 and mate.} Kf8 ({And not} 24... Qxc2 {[#]} 25. Qh6 $1 {[%mdl 512]} Qxg2+ 26. Kxg2 Bxf3+ 27. Kxf3 Rxc3 28. Qg7#) 25. Qh6+ ({Weaker is} 25. Rxd6 Ke8 $11) 25... Ke8 26. Qxh7 Rd8 $2 (26... Bd5) 27. Bxb6 $18 {Qg8+ would kill now.} Rdc8 28. Rxd6 {[%cal Rh7h8]} Qe1+ 29. Bg1 {Precision: White = 65%, Black = 34%.} 1-0

[Event "ESP-ch Seniors 2017"]
[Site "Altea"]
[Date "2017.10.15"]
[Round "9"]
[White "Fernandez Hernandez, Gerardo"]
[Black "Nunez Munoz, Jesus"]
[Result "1/2-1/2"]
[WhiteElo "2178"]
[BlackElo "2199"]
[Annotator "TA"]
[PlyCount "39"]
[EventDate "2017.??.??"]
[EventType "swiss"]
[EventCountry "ESP"]
[SourceTitle "playchess.com"]
[Source "ChessBase"]
[SourceQuality "1"]

{[%evp 22,26,20,17,18,19,24]} 1. e4 c6 2. d4 d5 3. exd5 cxd5 4. c4 Nf6 5. Nc3 e6 6. c5 Be7 7. Nf3 Nc6 8. Bf4 O-O 9. Bb5 Bd7 10. O-O Ne4 11. Re1 Nxc3 12. bxc3 b6 {B14: Caro-Kann: Panov-Botvinnik Attack with 5...e6 and 5...g6} 13. cxb6 axb6 {[#]} {Predecessor:} 14. Re3 $146 Ra3 15. Bxc6 Bxc6 16. Ne5 Be8 17. Qg4 Bf6 18. Rg3 Qa8 19. Qe2 Qa6 20. Qd2 {1-0 (28) Ruck,R (2554)-Horvath,A (2538) Austria 2005} 1/2-1/2

[Event "ESP-ch Seniors 2017"]
[Site "Altea"]
[Date "2017.10.15"]
[Round "9"]
[White "Aranaz Portugues, Jose Carlos"]
[Black "Elissalt Cardenas, Hector"]
[Result "0-1"]
[WhiteElo "2159"]
[BlackElo "2324"]
[Annotator "TA"]
[PlyCount "88"]
[EventDate "2017.??.??"]
[EventType "swiss"]
[EventCountry "ESP"]
[SourceTitle "playchess.com"]
[Source "ChessBase"]
[SourceQuality "1"]

{[%evp 10,88,24,18,29,12,25,28,21,18,35,22,30,43,97,24,27,-17,0,0,0,0,0,-33,-18,-85,0,-41,-38,-45,-12,-4,-7,0,0,-77,-84,-78,-19,-38,-32,-97,-85,-106,-92,-125,-116,-108,-121,-202,-202,-216,-234,-222,-193,-177,-186,-168,-138,-141,-149,-140,-127,-133,-137,-236,-216,-326,-325,-316,-312,-439,-440,-917,-896,-868,-837,-1893,-1557,-2239,-2186]} 1. d4 Nf6 2. Bg5 e6 {[#]} 3. e4 $1 {[%mdl 512]} h6 (3... Nxe4 4. Bxd8) 4. Bxf6 Qxf6 5. c3 d6 6. Bd3 Nd7 {A45: Trompowsky Attack} (6... g6 7. Ne2 Bg7 8. f4 e5 9. O-O Qe7 10. Nd2 O-O 11. Nf3 Nd7 12. Qd2 exd4 13. cxd4 c5 14. Rae1 cxd4 15. Nexd4 {½-½ (26) Laznicka,V (2676)-Mchedlishvili,M (2607) Germany 2016}) 7. Ne2 b6 8. O-O Bb7 {White has an edge.} 9. f4 g6 10. Nd2 Qe7 11. Qa4 a6 {[#]} ({Black should play} 11... h5 $14) 12. Rae1 $146 ({Better is} 12. f5 $1 $16) ({Predecessor:} 12. f5 gxf5 13. Nf4 fxe4 14. Nxe4 {0-1 (40) Hammar,U (2152)-Eksmyr,J (2199) Sweden 2007}) 12... Bg7 $11 13. Ng3 O-O 14. e5 b5 15. Qd1 Rad8 16. exd6 Qxd6 {Threatens to win with ...Bxd4+!} 17. Be4 (17. Nge4 $11 Qb6 18. b4) 17... Qb6 ({Black should try} 17... Bc8 $17) 18. Bxb7 Qxb7 19. b4 Qd5 (19... a5 $5 20. a3 (20. bxa5 c5 $15) 20... Ra8 $11) 20. Nb3 Nb6 21. Qe2 Nc4 22. Qe4 (22. Ne4 $11 {remains equal.}) 22... a5 $17 23. bxa5 {[#]} Qxe4 (23... c6 $1 $17) 24. Nxe4 $11 Ra8 25. Nec5 (25. g4 $15) 25... Nxa5 $17 26. Re2 Nc4 27. Nd3 Ra3 28. g4 Rfa8 29. Ndc1 (29. Rff2 $17) 29... Bf6 $19 30. Kg2 Nb6 31. Rc2 R8a4 32. Rf3 Nd5 33. Nd2 {White wants to play Nb1.} b4 {[%cal Ra3c3]} 34. Nb1 Rxc3 $1 35. Nxc3 bxc3 36. Ne2 Bxd4 37. Kg3 (37. Nxd4 $17 Rxd4 38. Kg3) 37... c5 38. Nc1 (38. h4 $142) 38... g5 39. fxg5 hxg5 {[%cal Bh6g5,Bg5g4][%mdl 32]} 40. h4 (40. h3 $142) 40... Be5+ {Black is clearly winning.} 41. Kg2 (41. Kf2 $142 gxh4 42. Nd3) 41... Rxg4+ 42. Kf1 Rxh4 43. Ne2 g4 44. Rd3 c4 {Precision: White = 30%, Black = 64%.} 0-1

[Event "ESP-ch Seniors 2017"]
[Site "Altea"]
[Date "2017.10.15"]
[Round "9"]
[White "Brusi Noguera, Ricardo Ll"]
[Black "Lloret Ramis, Juan Jose"]
[Result "1/2-1/2"]
[WhiteElo "2156"]
[BlackElo "2120"]
[Annotator "TA"]
[PlyCount "67"]
[EventDate "2017.??.??"]
[EventType "swiss"]
[EventCountry "ESP"]
[SourceTitle "playchess.com"]
[Source "ChessBase"]
[SourceQuality "1"]

{[%evp 19,67,25,19,16,30,47,48,21,35,23,25,20,31,22,49,16,3,12,26,2,39,34,45,38,55,25,31,0,0,0,7,6,1,1,5,5,21,0,16,0,0,0,0,0,0,0,0,0,0,0]} 1. d4 d5 2. c4 e6 3. Nc3 Nf6 4. cxd5 exd5 5. Bg5 c6 6. Qc2 Nbd7 7. e3 Be7 8. Bd3 Nh5 9. Bxe7 Qxe7 10. Nge2 g6 11. Rb1 {D36: Queen's Gambit Declined: Exchange Variation: Main line (5 Bg5 c6 6 Qc2)} (11. O-O O-O 12. Rab1 a5 13. Rbe1 Nb6 14. Nc1 Ng7 15. f3 Bf5 16. e4 dxe4 17. fxe4 Be6 18. Qf2 f5 19. exf5 Nxf5 20. Nb3 Ng7 21. Qe3 Rxf1+ 22. Rxf1 Re8 23. Nc5 Bf5 {½-½ (23) Korobov,A (2711)-Yilmaz,M (2630) Khanty-Mansiysk 2017}) 11... O-O 12. b4 {[%cal Bb2b4,Bb4b5][%mdl 32]} Ndf6 13. h3 $146 {White is slightly better.} ({Predecessor:} 13. b5 Ng7 14. bxc6 bxc6 15. Na4 Bf5 16. Nc5 Rae8 17. Rb7 Qd6 18. Rxa7 Bxd3 19. Qxd3 {1-0 (31) Borges Matos,J (2436)-Watanabe,A (2385) Merida 2001}) 13... Ng7 14. b5 c5 15. dxc5 Qxc5 16. O-O Bf5 17. Nd4 {[%cal Rd3f5]} Bxd3 18. Qxd3 Rac8 19. Rfc1 Qd6 20. Rc2 Ne6 21. Rbc1 {Nxd5! is the strong threat.} Qd7 22. Nb3 Rc7 23. a4 Rfc8 {The position is equal.} 24. f3 h5 25. Ne2 Rxc2 26. Rxc2 Rxc2 27. Qxc2 Ne8 28. Ned4 N8g7 29. a5 Nxd4 30. Nxd4 Ne6 31. b6 axb6 32. axb6 Nxd4 33. exd4 Kf8 34. Kf2 {Precision: White = 55%, Black = 47%.} 1/2-1/2